Countries by Picture of Ruler - 1920 - Statistics

General Stats
  • This quiz has been taken 1,041 times
    1,030 since last reset
  • The average score is 7 of 16
Answer Stats
Picture Answer % Correct
United States
97%
Japan
96%
Russia
93%
United Kingdom
67%
Ottoman Empire
61%
Ethiopia
50%
Thailand
41%
France
30%
Spain
29%
Poland
28%
Iran
25%
Italy
22%
Greece
15%
Czechoslovakia
10%
Mexico
10%
Kingdom of Serbs, Croats and Slovenes
9%
No matching quizzes found
Score Distribution
Percent of People with Each Score
Percentile by Number Answered
Your Score History
You have not taken this quiz since the last reset